Business Law / (Record no. 17331)
[ view plain ]
| 000 -LEADER | |
|---|---|
| fixed length control field | 00837cam a2200265 a 4500 |
| 001 - CONTROL NUMBER | |
| control field | 15768493 |
| 005 - DATE AND TIME OF LATEST TRANSACTION | |
| control field | 20130226161912.0 |
| 008 - FIXED-LENGTH DATA ELEMENTS--GENERAL INFORMATION | |
| fixed length control field | 090609s2009 nyua b 001 0 eng |
| 010 ## - LIBRARY OF CONGRESS CONTROL NUMBER | |
| LC control number | 2009023444 |
| 020 ## - INTERNATIONAL STANDARD BOOK NUMBER | |
| International Standard Book Number | 9780764142406 (alk. paper) |
| 020 ## - INTERNATIONAL STANDARD BOOK NUMBER | |
| International Standard Book Number | 0764142402 (alk. paper) |
| 082 00 - DEWEY DECIMAL CLASSIFICATION NUMBER | |
| Classification number | 346.7307 |
| Edition number | 22 |
| Item number | EME |
| 100 1# - MAIN ENTRY--PERSONAL NAME | |
| Personal name | Emerson, Robert W. |
| 9 (RLIN) | 32741 |
| 245 10 - TITLE STATEMENT | |
| Title | Business Law / |
| Statement of responsibility, etc | Robert W. Emerson. |
| 250 ## - EDITION STATEMENT | |
| Edition statement | 5th ed. |
| 260 ## - PUBLICATION, DISTRIBUTION, ETC. (IMPRINT) | |
| Place of publication, distribution, etc | Hauppauge, N.Y. : |
| Name of publisher, distributor, etc | Barron's Educational Series, |
| Date of publication, distribution, etc | c2009. |
| 300 ## - PHYSICAL DESCRIPTION | |
| Extent | xii, 756 p. : |
| Other physical details | ill. ; |
| Dimensions | 23 cm. |
| 490 1# - Series Statement | |
| Series statement | Business review books |
| 490 0# - Series Statement | |
| Series statement | Business review library |
| 504 ## - BIBLIOGRAPHY, ETC. NOTE | |
| Bibliography, etc | Includes bibliographical references and index. |
| 650 #0 - SUBJECT ADDED ENTRY--TOPICAL TERM | |
| Topical term or geographic name as entry element | Commercial law |
| Geographic subdivision | United States. |
| 9 (RLIN) | 5092 |
| 653 ## - INDEX TERM--UNCONTROLLED | |
| Resource For college | |
| Arrived date list | February2013 |
| 830 #0 - SERIES ADDED ENTRY--UNIFORM TITLE | |
| Uniform title | Business review books. |
| 9 (RLIN) | 32742 |
| 942 ## - ADDED ENTRY ELEMENTS (KOHA) | |
| Source of classification or shelving scheme | Dewey Decimal Classification |
| Item type | Book - Borrowing |
| Withdrawn status | Item status | Source of classification or shelving scheme | Damaged status | Not for loan | Vendor | Home library | Current library | Shelving location | Date acquired | Source of acquisition | Total Checkouts | Total Renewals | Full call number | Barcode | Date last seen | Date last borrowed | Koha item type |
|---|---|---|---|---|---|---|---|---|---|---|---|---|---|---|---|---|---|
| Dewey Decimal Classification | Baccah | Central Library | Central Library | First floor | 26/02/2013 | 2 | 7 | 346.7307 EME | 000028391 | 15/07/2025 | 27/11/2023 | Book - Borrowing | |||||
| Dewey Decimal Classification | Baccah | Central Library | Central Library | First floor | 26/02/2013 | 1 | 6 | 346.7307 EME | 000028392 | 15/07/2025 | 06/04/2014 | Book - Borrowing | |||||
| Dewey Decimal Classification | Baccah | Central Library | Central Library | First floor | 26/02/2013 | 1 | 346.7307 EME | 000028393 | 15/07/2025 | 13/10/2015 | Book - Borrowing |